[Event "Quebec op U1700"]
[Site "Montreal"]
[Date "2016.07.29"]
[Round "8.53"]
[White "Milosz, Jerzy"]
[Black "Houle, Sebastien"]
[Result "0-1"]
[WhiteElo "1590"]
[BlackElo "1492"]
[PlyCount "60"]
[EventDate "2016.07.23"]
[EventType "swiss"]
[EventRounds "8"]
[EventCountry "CAN"]
[SourceTitle "EXT 2022"]
[Source "ChessBase"]
[SourceDate "2021.10.06"]
[SourceVersion "1"]
[SourceVersionDate "2021.10.06"]
[SourceQuality "1"]

1. e4 d6 2. d4 Nf6 3. Nc3 g6 4. Nf3 Bg7 5. Be2 0-0 6. 0-0 c6 7. h3 Nbd7 8. Re1 Qc7 9. Bf4 e5 10. dxe5 dxe5 11. Be3 b5 12. a3 Rd8 13. Qc1 Bb7 14. Nh2 Nf8 15. Rd1 Ne6 16. Rxd8+ Rxd8 17. Bxa7 Nd4 18. Bd3 c5 19. b4 cxb4 20. Nd5 Bxd5 21. Bxd4 Bxe4 22. Be3 Bxd3 23. cxd3 Qxc1+ 24. Rxc1 bxa3 25. Nf3 e4 26. dxe4 Nxe4 27. Bb6 Rb8 28. Bd4 b4 29. Ra1 Bxd4 30. Nxd4 b3 0-1

[Event "Quebec op U1700"]
[Site "Montreal"]
[Date "2016.07.27"]
[Round "6.57"]
[White "Sonn, Eric"]
[Black "Houle, Sebastien"]
[Result "1/2-1/2"]
[WhiteElo "1506"]
[BlackElo "1492"]
[PlyCount "100"]
[EventDate "2016.07.23"]
[EventType "swiss"]
[EventRounds "8"]
[EventCountry "CAN"]
[SourceTitle "EXT 2022"]
[Source "ChessBase"]
[SourceDate "2021.10.06"]
[SourceVersion "1"]
[SourceVersionDate "2021.10.06"]
[SourceQuality "1"]

1. e4 d5 2. exd5 Qxd5 3. Nf3 Nf6 4. d4 Bg4 5. Be2 e6 6. 0-0 Nc6 7. c4 Qf5 8. Nc3 0-0-0 9. Be3 Bd6 10. Nb5 Bf4 11. Qb3 a6 12. Na3 Bxe3 13. fxe3 Qg6 14. Bd3 Qh6 15. Rae1 Rhf8 16. Nc2 Nh5 17. Qa3 Bxf3 18. Rxf3 f5 19. b4 g5 20. b5 axb5 21. cxb5 Nb8 22. Nb4 Rf7 23. Na6 Qf8 24. Qxf8 Rdxf8 25. Nc5 Ng7 26. Bc4 Re7 27. g4 b6 28. Nd3 h5 29. gxh5 g4 30. Rf2 Nxh5 31. Nf4 Nxf4 32. Rxf4 Nd7 33. e4 Kd8 34. exf5 Rxf5 35. Rxg4 e5 36. Rg8+ Re8 37. Rxe8+ Kxe8 38. Kg2 Rf4 39. Bd5 Rxd4 40. Bc6 Kf7 41. Bxd7 Rxd7 42. Rxe5 Rd2+ 43. Kg3 Rxa2 44. Rf5+ Kg7 45. h4 Rd2 46. Kf4 Rd6 47. Ke5 Rh6 48. Rg5+ Kf7 49. h5 c5 50. bxc6 Rxc6 1/2-1/2

[Event "Quebec op U1700"]
[Site "Montreal"]
[Date "2016.07.24"]
[Round "3.3"]
[White "Houle, Sebastien"]
[Black "Blanchette, Rene"]
[Result "1-0"]
[WhiteElo "1492"]
[BlackElo "1610"]
[PlyCount "123"]
[EventDate "2016.07.23"]
[EventType "swiss"]
[EventRounds "8"]
[EventCountry "CAN"]
[SourceTitle "EXT 2022"]
[Source "ChessBase"]
[SourceDate "2021.10.06"]
[SourceVersion "1"]
[SourceVersionDate "2021.10.06"]
[SourceQuality "1"]

1. e4 Nf6 2. e5 Nd5 3. d4 d6 4. Nf3 g6 5. Be2 Bg7 6. 0-0 0-0 7. c4 Nb6 8. b3 Nc6 9. Bb2 Bg4 10. exd6 cxd6 11. Nbd2 d5 12. h3 Bxf3 13. Nxf3 dxc4 14. bxc4 e6 15. Re1 Qe7 16. Qb3 Rfd8 17. Red1 Qb4 18. Bc3 Qxb3 19. axb3 Rd7 20. Ne5 Nxe5 21. dxe5 Rad8 22. f4 Rxd1+ 23. Rxd1 Rxd1+ 24. Bxd1 Bf8 25. Bf3 Nd7 26. b4 b6 27. Kf2 Be7 28. Bc6 Nb8 29. Bb5 h5 30. Kf3 Kf8 31. g4 hxg4+ 32. hxg4 Bd8 33. Ke4 Ke7 34. Be1 Kf8 35. Bf2 a6 36. Ba4 a5 37. bxa5 bxa5 38. Bb5 g5 39. Bc5+ Kg7 40. Bd6 a4 41. Bxa4 Na6 42. fxg5 Bb6 43. Bb5 Nc5+ 44. Kf4 Kg6 45. Be7 Nd3+ 46. Ke4 Nf2+ 47. Kf3 Nd3 48. Bf6 Bc5 49. Bc6 Nf2 50. Be4+ Nxe4 51. Kxe4 Kh7 52. Bd8 Kg6 53. Kf4 Bg1 54. Be7 Bh2+ 55. Ke4 Bg1 56. c5 Bf2 57. c6 Bb6 58. Kf4 Bc7 59. Bd6 Bd8 60. c7 Bxg5+ 61. Ke4 f5+ 62. exf6 1-0